000 00770cam a22002292 4500
001 0000024308
005 20151217155915.0
008 130701s xx 000 0 eng d
020 _a870452002 :
040 _aKABU
_cKABU
245 1 0 _aEthnobotany and health :
_bproceedings of the cluster workshop 4th-7th September Entebbe, Uganda /
_ceditors: J. A. Orwa ... [et al.].
250 _a1st ed.
260 _aKampala :
_bIUCEA,
_c2012.
300 _a217 p.
650 0 _aHuman-plant relationships
_vCongresses.
_@0000184308
650 0 _aPlant, Medicinal
_vCongresses.
_@0000184309
650 0 _aEthnobotany.
_@0000184310
710 2 _aOrwa, J. A.
_@0000184307
908 _a130701
950 _@1
999 _c13930
_d13930